[Event "DVM U12 2016"]
[Site "Magdeburg GER"]
[Date "2016.12.29"]
[Round "6"]
[White "Meier, Silas"]
[Black "Noever, Niklas"]
[Result "1/2-1/2"]
[Termination "normal"]
[Board "10.1"]
[WhiteElo "1535"]
[BlackElo "1648"]
[WhiteClock "00:26:59"]
[BlackClock "00:23:37"]
[WhiteTeam "Schachakademie Paderborn"]
[BlackTeam "Rheydter SV"]
[PlyCount "40"]
[WhiteFideId "16210662"]
[BlackFideId "12988642"]
[EventCountry "GER"]
[EventRounds "7"]
[EventType "team-swiss"]
[EventDate "2016.12.26"]

1. d4 {[%clk 1:15:35]} Nf6 {[%clk 1:15:51]} 2. Nf3 {[%clk 1:15:38]} g6 {[%clk
1:16:03]} 3. g3 {[%clk 1:15:47]} Bg7 {[%clk 1:16:21]} 4. Bg2 {[%clk 1:15:52]}
d6 {[%clk 1:16:34]} 5. O-O {[%clk 1:15:18]} O-O {[%clk 1:16:42]} 6. e3 {[%clk
1:14:14]} Nbd7 {[%clk 1:16:38]} 7. Nbd2 {[%clk 1:11:18]} c5 {[%clk 1:15:15]} 8.
b3 {[%clk 1:09:12]} Rb8 {[%clk 1:09:51]} 9. a4 {[%clk 1:03:41]} a5 {[%clk
0:59:18]} 10. Bb2 {[%clk 0:57:49]} b6 {[%clk 0:53:03]} 11. c4 {[%clk 0:52:40]}
Ne8 {[%clk 0:49:12]} 12. Qc2 {[%clk 0:47:18]} Nc7 {[%clk 0:42:48]} 13. Ne1
{[%clk 0:44:50]} Bb7 {[%clk 0:42:40]} 14. Ndf3 {[%clk 0:41:31]} Na6 {[%clk
0:42:27]} 15. Nd3 {[%clk 0:39:59]} Nf6 {[%clk 0:41:04]} 16. Nd2 {[%clk
0:35:17]} Bxg2 {[%clk 0:39:56]} 17. Kxg2 {[%clk 0:35:37]} Nd7 {[%clk 0:37:29]}
18. Rad1 {[%clk 0:31:25]} Qc7 {[%clk 0:35:42]} 19. Rfe1 {[%clk 0:28:35]} e5
{[%clk 0:33:34]} 20. dxe5 {[%clk 0:26:59]} dxe5 {[%clk 0:23:37]} 1/2-1/2

[Event "DVM U12 2016"]
[Site "Magdeburg GER"]
[Date "2016.12.29"]
[Round "6"]
[White "Bartels, Simon"]
[Black "Nourzad, Shayan"]
[Result "1/2-1/2"]
[Termination "normal"]
[Board "10.2"]
[WhiteElo "1631"]
[BlackElo "1274"]
[WhiteClock "01:06:58"]
[BlackClock "00:44:58"]
[WhiteTeam "Rheydter SV"]
[BlackTeam "Schachakademie Paderborn"]
[PlyCount "43"]
[WhiteFideId "12990140"]
[BlackFideId "16274890"]
[EventCountry "GER"]
[EventRounds "7"]
[EventType "team-swiss"]
[EventDate "2016.12.26"]

1. e4 {[%clk 1:15:55]} e6 {[%clk 1:15:53]} 2. d4 {[%clk 1:16:17]} d5 {[%clk
1:16:08]} 3. exd5 {[%clk 1:16:38]} exd5 {[%clk 1:16:27]} 4. Bd3 {[%clk
1:16:51]} Bd6 {[%clk 1:16:46]} 5. Nf3 {[%clk 1:17:10]} Ne7 {[%clk 1:16:57]} 6.
O-O {[%clk 1:17:13]} Bg4 {[%clk 1:16:06]} 7. Re1 {[%clk 1:17:09]} Nbc6 {[%clk
1:15:57]} 8. c3 {[%clk 1:16:44]} Qd7 {[%clk 1:15:07]} 9. Be3 {[%clk 1:14:08]}
O-O-O {[%clk 1:13:37]} 10. Nbd2 {[%clk 1:14:19]} Rde8 {[%clk 1:11:24]} 11. Qc2
{[%clk 1:14:25]} Ref8 {[%clk 1:04:58]} 12. h3 {[%clk 1:14:01]} Bh5 {[%clk
1:04:52]} 13. Nh4 {[%clk 1:13:10]} Bg6 {[%clk 0:58:44]} 14. Nxg6 {[%clk
1:12:41]} hxg6 {[%clk 0:58:38]} 15. Nf3 {[%clk 1:12:33]} Nd8 {[%clk 0:55:41]}
16. Kf1 {[%clk 1:08:09]} Ne6 {[%clk 0:54:35]} 17. Qd2 {[%clk 1:07:10]} Kb8
{[%clk 0:53:26]} 18. Ke2 {[%clk 1:06:42]} Re8 {[%clk 0:51:45]} 19. Kd1 {[%clk
1:06:37]} Nc8 {[%clk 0:50:32]} 20. Kc2 {[%clk 1:06:39]} Nb6 {[%clk 0:50:02]}
21. Ng5 {[%clk 1:06:44]} Nxg5 {[%clk 0:44:58]} 22. Bxg5 {[%clk 1:06:58]}
1/2-1/2

[Event "DVM U12 2016"]
[Site "Magdeburg GER"]
[Date "2016.12.29"]
[Round "6"]
[White "Li, Xianquan"]
[Black "Hansen, Jonah"]
[Result "0-1"]
[Termination "normal"]
[Board "10.3"]
[WhiteElo "856"]
[BlackElo "1265"]
[WhiteClock "00:06:04"]
[BlackClock "01:01:53"]
[WhiteTeam "Schachakademie Paderborn"]
[BlackTeam "Rheydter SV"]
[PlyCount "78"]
[WhiteFideId "16284356"]
[BlackFideId "16276841"]
[EventCountry "GER"]
[EventRounds "7"]
[EventType "team-swiss"]
[EventDate "2016.12.26"]

1. d4 Nf6 2. Nf3 e6 3. g3 Bb4+ 4. c3 Be7 5. Bg2 O-O 6. O-O d6 7. e3 Nbd7 8.
Nbd2 Re8 9. b3 Rb8 10. Bb2 b6 11. c4 Ba6 12. Qc2 d5 13. a4 c5 {[%clk 1:16:29]}
14. Bc3 {[%clk 0:59:03]} Nf8 {[%clk 1:16:17]} 15. a5 {[%clk 0:57:16]} b5 {[%clk
1:15:58]} 16. Ne5 {[%clk 0:56:12]} Rc8 {[%clk 1:15:36]} 17. Nd3 {[%clk
0:55:05]} bxc4 {[%clk 1:12:37]} 18. bxc4 {[%clk 0:54:35]} dxc4 {[%clk 1:12:52]}
19. Ne5 {[%clk 0:52:57]} cxd4 {[%clk 1:11:50]} 20. exd4 {[%clk 0:52:47]} Nd5
{[%clk 1:11:40]} 21. Bb2 c3 22. Bxc3 {[%clk 0:43:50]} Rxc3 {[%clk 1:11:55]} 23.
Qa4 {[%clk 0:43:19]} Bxf1 {[%clk 1:12:08]} 24. Rxf1 {[%clk 0:43:24]} Ra3 {[%clk
1:12:06]} 25. Qb5 {[%clk 0:42:16]} Rxa5 {[%clk 1:09:34]} 26. Qd3 {[%clk
0:40:48]} Nb4 {[%clk 1:09:15]} 27. Qb1 {[%clk 0:37:59]} Qxd4 {[%clk 1:09:27]}
28. Nb3 {[%clk 0:37:41]} Qxe5 {[%clk 1:09:40]} 29. Nxa5 {[%clk 0:38:00]} Qxa5
{[%clk 1:09:56]} 30. Qc1 {[%clk 0:31:55]} Rd8 {[%clk 1:09:47]} 31. Qc3 {[%clk
0:30:38]} Rd3 {[%clk 1:08:30]} 32. Qc1 {[%clk 0:23:20]} Qa2 {[%clk 1:08:15]}
33. Be4 {[%clk 0:21:56]} Rd2 {[%clk 1:06:31]} 34. Bb1 {[%clk 0:21:45]} Qb2
{[%clk 1:06:36]} 35. Qe1 {[%clk 0:19:35]} Bc5 {[%clk 1:06:20]} 36. Be4 {[%clk
0:15:28]} Re2 {[%clk 1:06:11]} 37. Qc1 {[%clk 0:14:50]} Qd4 {[%clk 1:02:25]}
38. Bf3 {[%clk 0:07:19]} Rxf2 {[%clk 1:02:28]} 39. Qe1 {[%clk 0:06:04]} Re2+
{[%clk 1:01:53]} 0-1

[Event "DVM U12 2016"]
[Site "Magdeburg GER"]
[Date "2016.12.30"]
[Round "7"]
[White "Gallasch, Jonas"]
[Black "Nguyen, Alex Dac-Vuong"]
[Result "0-1"]
[Termination "normal"]
[Board "1.1"]
[WhiteElo "1709"]
[BlackElo "2098"]
[WhiteClock "00:30:25"]
[BlackClock "01:03:12"]
[WhiteTeam "SG Porz"]
[BlackTeam "BSG Grün-Weiß Leipzig"]
[PlyCount "66"]
[WhiteFideId "16222474"]
[BlackFideId "12984388"]
[EventCountry "GER"]
[EventRounds "7"]
[EventType "team-swiss"]
[EventDate "2016.12.26"]

1. d4 {[%clk 1:15:53]} Nf6 {[%clk 1:15:57]} 2. c4 {[%clk 1:16:12]} g6 {[%clk
1:16:10]} 3. Nc3 {[%clk 1:16:30]} d5 {[%clk 1:16:25]} 4. cxd5 {[%clk 1:16:33]}
Nxd5 {[%clk 1:16:50]} 5. Bd2 {[%clk 1:15:23]} Bg7 {[%clk 1:17:11]} 6. e4 {[%clk
1:15:43]} Nxc3 {[%clk 1:16:38]} 7. Bxc3 {[%clk 1:16:02]} c6 {[%clk 1:16:19]} 8.
Nf3 {[%clk 1:14:18]} O-O {[%clk 1:15:22]} 9. Be2 {[%clk 1:13:23]} Qc7 {[%clk
1:15:16]} 10. O-O {[%clk 1:08:16]} Rd8 {[%clk 1:15:09]} 11. Qc2 {[%clk
1:07:44]} Bg4 {[%clk 1:14:43]} 12. Rfd1 {[%clk 1:06:58]} Nd7 {[%clk 1:14:43]}
13. h3 {[%clk 1:01:45]} Bxf3 {[%clk 1:14:51]} 14. Bxf3 {[%clk 1:02:07]} e5
{[%clk 1:14:09]} 15. d5 {[%clk 0:57:48]} cxd5 {[%clk 1:14:00]} 16. Rxd5 {[%clk
0:58:07]} Nf8 {[%clk 1:13:51]} 17. Rad1 {[%clk 0:52:42]} Ne6 {[%clk 1:12:25]}
18. Rxd8+ {[%clk 0:45:24]} Rxd8 {[%clk 1:12:29]} 19. Rxd8+ {[%clk 0:45:45]}
Qxd8 {[%clk 1:12:37]} 20. Qd2 {[%clk 0:46:04]} Qc7 {[%clk 1:08:29]} 21. Qd5
{[%clk 0:42:32]} Nd4 {[%clk 1:06:22]} 22. Bg4 {[%clk 0:41:19]} h5 {[%clk
1:06:03]} 23. Qd7 {[%clk 0:40:23]} Qb6 {[%clk 1:03:47]} 24. Qe8+ {[%clk
0:38:16]} Kh7 {[%clk 1:04:08]} 25. Bd1 {[%clk 0:38:25]} Qf6 {[%clk 1:01:11]}
26. Qd7 {[%clk 0:34:11]} Qf4 {[%clk 1:01:16]} 27. Bxd4 {[%clk 0:31:46]} exd4
{[%clk 1:00:43]} 28. Qxb7 {[%clk 0:31:05]} Qd2 {[%clk 1:01:07]} 29. Bf3 {[%clk
0:29:57]} Qe1+ {[%clk 1:01:33]} 30. Kh2 {[%clk 0:30:17]} Be5+ {[%clk 1:02:01]}
31. g3 {[%clk 0:30:13]} Qxf2+ {[%clk 1:02:25]} 32. Bg2 {[%clk 0:30:35]} Bxg3+
{[%clk 1:02:46]} 33. Kh1 {[%clk 0:30:25]} Qe1+ {[%clk 1:03:12]} 0-1

[Event "DVM U12 2016"]
[Site "Magdeburg GER"]
[Date "2016.12.30"]
[Round "7"]
[White "Wagner, Leopold Franziskus"]
[Black "Parshykov, Edgar"]
[Result "1-0"]
[Termination "normal"]
[Board "1.2"]
[WhiteElo "1769"]
[BlackElo "1578"]
[WhiteClock "00:31:38"]
[BlackClock "00:01:30"]
[WhiteTeam "BSG Grün-Weiß Leipzig"]
[BlackTeam "SG Porz"]
[PlyCount "53"]
[WhiteFideId "1641581"]
[BlackFideId "16222458"]
[EventCountry "GER"]
[EventRounds "7"]
[EventType "team-swiss"]
[EventDate "2016.12.26"]

1. d4 {[%clk 1:15:31]} d6 {[%clk 1:15:51]} 2. e4 {[%clk 1:15:41]} g6 {[%clk
1:16:13]} 3. Nf3 {[%clk 1:16:00]} Bg7 {[%clk 1:14:05]} 4. Nc3 {[%clk 1:15:51]}
Nf6 {[%clk 1:12:59]} 5. Bc4 {[%clk 1:16:05]} O-O {[%clk 1:11:55]} 6. Qe2 {[%clk
1:16:01]} c6 {[%clk 1:06:45]} 7. e5 {[%clk 1:13:07]} Ne8 {[%clk 1:03:44]} 8.
Bd2 {[%clk 1:12:24]} d5 {[%clk 1:00:31]} 9. Bb3 {[%clk 1:09:10]} Nc7 {[%clk
0:58:10]} 10. Nd1 {[%clk 1:04:00]} b6 {[%clk 0:50:17]} 11. Be3 {[%clk 1:02:36]}
Ne6 {[%clk 0:42:23]} 12. c3 {[%clk 1:02:20]} a5 {[%clk 0:37:33]} 13. g4 {[%clk
1:01:07]} Ba6 {[%clk 0:35:08]} 14. Qd2 {[%clk 1:01:23]} Nd7 {[%clk 0:30:49]}
15. h4 {[%clk 1:00:39]} f6 {[%clk 0:22:18]} 16. exf6 {[%clk 0:49:37]} Nxf6
{[%clk 0:22:32]} 17. Bc2 {[%clk 0:49:24]} Nxg4 {[%clk 0:18:55]} 18. Nh2 {[%clk
0:39:07]} Nxe3 {[%clk 0:14:13]} 19. Nxe3 {[%clk 0:39:27]} b5 {[%clk 0:12:37]}
20. Nhg4 {[%clk 0:38:20]} Nf4 {[%clk 0:10:09]} 21. O-O-O {[%clk 0:38:10]} b4
{[%clk 0:10:05]} 22. Kb1 {[%clk 0:36:14]} Rb8 {[%clk 0:06:44]} 23. h5 {[%clk
0:32:58]} bxc3 {[%clk 0:05:50]} 24. Qxc3 {[%clk 0:32:48]} Ne2 {[%clk 0:05:38]}
25. Qxc6 {[%clk 0:31:42]} Rb6 {[%clk 0:01:29]} 26. Qxd5+ {[%clk 0:31:13]} Qxd5
{[%clk 0:01:30]} 27. Nxd5 {[%clk 0:31:38]} 1-0

[Event "DVM U12 2016"]
[Site "Magdeburg GER"]
[Date "2016.12.30"]
[Round "7"]
[White "Kogan, Gabriel"]
[Black "Haufe, Laurin"]
[Result "1/2-1/2"]
[Termination "normal"]
[Board "1.3"]
[WhiteElo "1467"]
[BlackElo "1661"]
[WhiteClock "00:30:55"]
[BlackClock "00:28:02"]
[WhiteTeam "SG Porz"]
[BlackTeam "BSG Grün-Weiß Leipzig"]
[PlyCount "92"]
[WhiteFideId "16238265"]
[BlackFideId "12976504"]
[EventCountry "GER"]
[EventRounds "7"]
[EventType "team-swiss"]
[EventDate "2016.12.26"]

1. e4 {[%clk 1:15:59]} c5 {[%clk 1:15:56]} 2. c3 {[%clk 1:16:26]} Nf6 {[%clk
1:16:23]} 3. e5 {[%clk 1:16:33]} Nd5 {[%clk 1:16:48]} 4. d4 {[%clk 1:16:47]}
cxd4 {[%clk 1:17:07]} 5. cxd4 {[%clk 1:16:24]} Nc6 {[%clk 1:16:52]} 6. Nc3
{[%clk 1:15:38]} Nb6 {[%clk 1:16:16]} 7. Nge2 {[%clk 1:12:15]} e6 {[%clk
1:15:02]} 8. g3 {[%clk 1:12:17]} d5 {[%clk 1:13:25]} 9. Bg2 {[%clk 1:10:51]}
Bd7 {[%clk 1:11:03]} 10. O-O {[%clk 1:10:20]} Be7 {[%clk 1:10:29]} 11. f4
{[%clk 1:06:21]} a6 {[%clk 1:10:05]} 12. Kh1 {[%clk 1:05:58]} Na7 {[%clk
0:58:45]} 13. Bd2 {[%clk 1:04:57]} Bb5 {[%clk 0:57:56]} 14. Nxb5 {[%clk
0:57:05]} Nxb5 {[%clk 0:53:25]} 15. Rc1 {[%clk 0:55:39]} Qd7 {[%clk 0:52:43]}
16. b3 {[%clk 0:52:34]} O-O {[%clk 0:50:11]} 17. Ba5 {[%clk 0:44:38]} Bd8
{[%clk 0:49:12]} 18. Bb4 {[%clk 0:40:02]} Re8 {[%clk 0:49:03]} 19. Nc3 {[%clk
0:38:26]} Nxc3 {[%clk 0:48:46]} 20. Bxc3 {[%clk 0:38:32]} Rc8 {[%clk 0:48:29]}
21. Qd2 {[%clk 0:38:13]} Be7 {[%clk 0:47:52]} 22. Bb4 {[%clk 0:36:39]} Bxb4
{[%clk 0:40:37]} 23. Qxb4 {[%clk 0:36:56]} Rc6 {[%clk 0:40:40]} 24. Qd2 {[%clk
0:35:13]} Rec8 {[%clk 0:40:51]} 25. Rxc6 {[%clk 0:35:34]} Qxc6 {[%clk 0:41:09]}
26. Kg1 {[%clk 0:34:46]} Qc2 {[%clk 0:41:11]} 27. Qxc2 {[%clk 0:34:08]} Rxc2
{[%clk 0:41:32]} 28. Rf2 {[%clk 0:34:34]} Rc1+ {[%clk 0:41:31]} 29. Rf1 {[%clk
0:34:44]} Rc3 {[%clk 0:40:58]} 30. Rf3 {[%clk 0:34:28]} Rc2 {[%clk 0:40:59]}
31. Rf2 {[%clk 0:34:38]} Rc7 {[%clk 0:41:20]} 32. Kf1 {[%clk 0:34:30]} Kf8
{[%clk 0:41:26]} 33. Ke1 {[%clk 0:33:40]} Ke7 {[%clk 0:41:50]} 34. Kd1 {[%clk
0:33:52]} Kd7 {[%clk 0:41:58]} 35. Rc2 {[%clk 0:34:14]} Nc8 {[%clk 0:41:44]}
36. Kd2 {[%clk 0:33:17]} Ne7 {[%clk 0:42:08]} 37. Bh3 {[%clk 0:32:40]} Nc6
{[%clk 0:40:03]} 38. Ke3 {[%clk 0:32:15]} Nb4 {[%clk 0:39:57]} 39. Rxc7+ {[%clk
0:32:37]} Kxc7 {[%clk 0:40:21]} 40. a4 {[%clk 0:32:51]} Kb6 {[%clk 0:40:02]}
41. Kd2 {[%clk 0:32:42]} Ka5 {[%clk 0:39:23]} 42. Bg4 {[%clk 0:32:15]} Na2
{[%clk 0:38:39]} 43. Bd1 {[%clk 0:32:04]} Kb4 {[%clk 0:38:48]} 44. Bc2 {[%clk
0:31:30]} g6 {[%clk 0:38:58]} 45. h3 {[%clk 0:31:30]} Nc3 {[%clk 0:38:36]} 46.
g4 {[%clk 0:30:55]} Ne4+ {[%clk 0:28:02]} 1/2-1/2

[Event "DVM U12 2016"]
[Site "Magdeburg GER"]
[Date "2016.12.30"]
[Round "7"]
[White "Rose, Noah"]
[Black "Sabirov, Rafael"]
[Result "1/2-1/2"]
[Termination "normal"]
[Board "1.4"]
[WhiteElo "1547"]
[BlackElo "1390"]
[WhiteClock "00:10:48"]
[BlackClock "00:22:19"]
[WhiteTeam "BSG Grün-Weiß Leipzig"]
[BlackTeam "SG Porz"]
[PlyCount "49"]
[WhiteFideId "12990191"]
[BlackFideId "16241185"]
[EventCountry "GER"]
[EventRounds "7"]
[EventType "team-swiss"]
[EventDate "2016.12.26"]

1. e4 {[%clk 1:15:57]} c5 {[%clk 1:15:56]} 2. Nf3 {[%clk 1:16:20]} e6 {[%clk
1:16:21]} 3. d4 {[%clk 1:16:45]} cxd4 {[%clk 1:16:46]} 4. Nxd4 {[%clk 1:17:11]}
a6 {[%clk 1:17:05]} 5. Nc3 {[%clk 1:17:24]} Nc6 {[%clk 1:17:26]} 6. Be3 {[%clk
1:17:10]} Be7 {[%clk 1:17:29]} 7. Be2 {[%clk 1:16:55]} Qc7 {[%clk 1:17:51]} 8.
Nxc6 {[%clk 1:14:19]} bxc6 {[%clk 1:17:49]} 9. O-O {[%clk 1:13:51]} Nf6 {[%clk
1:17:30]} 10. Qd3 {[%clk 1:08:07]} Bb7 {[%clk 1:16:42]} 11. Rad1 {[%clk
1:06:33]} d6 {[%clk 1:14:49]} 12. Bc1 {[%clk 1:00:21]} d5 {[%clk 1:04:09]} 13.
exd5 {[%clk 0:59:39]} cxd5 {[%clk 1:04:07]} 14. f4 {[%clk 0:54:12]} Nd7 {[%clk
0:53:33]} 15. Be3 {[%clk 0:46:43]} Rc8 {[%clk 0:48:47]} 16. f5 {[%clk 0:37:24]}
O-O {[%clk 0:38:11]} 17. fxe6 {[%clk 0:23:26]} fxe6 {[%clk 0:38:24]} 18. Rxf8+
{[%clk 0:23:40]} Rxf8 {[%clk 0:38:38]} 19. Rf1 {[%clk 0:23:58]} Rxf1+ 20. Bxf1
{[%clk 0:24:13]} Nf6 {[%clk 0:35:14]} 21. Be2 {[%clk 0:14:44]} Bd6 {[%clk
0:25:27]} 22. h3 {[%clk 0:13:10]} Be5 {[%clk 0:24:59]} 23. Bd4 {[%clk 0:11:57]}
Bxd4+ {[%clk 0:23:13]} 24. Qxd4 {[%clk 0:12:20]} Qc6 {[%clk 0:22:19]} 25. Bf3
{[%clk 0:10:48]} 1/2-1/2

[Event "DVM U12 2016"]
[Site "Magdeburg GER"]
[Date "2016.12.30"]
[Round "7"]
[White "Weihrauch, Jakob"]
[Black "Kosev, Momchil"]
[Result "1-0"]
[Termination "normal"]
[Board "2.1"]
[WhiteElo "1848"]
[BlackElo "1769"]
[WhiteClock "00:36:52"]
[BlackClock "00:11:23"]
[WhiteTeam "Hamburger SK"]
[BlackTeam "Erfurter SK"]
[PlyCount "92"]
[WhiteFideId "16210115"]
[BlackFideId "12975982"]
[EventCountry "GER"]
[EventRounds "7"]
[EventType "team-swiss"]
[EventDate "2016.12.26"]

1. e4 {[%clk 1:15:59]} c5 {[%clk 1:15:55]} 2. Nf3 {[%clk 1:16:26]} d6 {[%clk
1:16:17]} 3. d4 {[%clk 1:16:52]} cxd4 {[%clk 1:16:41]} 4. Nxd4 {[%clk 1:17:18]}
Nf6 {[%clk 1:17:02]} 5. Nc3 {[%clk 1:17:44]} a6 {[%clk 1:17:22]} 6. h3 {[%clk
1:17:43]} e5 {[%clk 1:17:26]} 7. Nde2 {[%clk 1:17:41]} Qc7 {[%clk 1:14:17]} 8.
g4 {[%clk 1:17:43]} h6 {[%clk 1:07:06]} 9. Bg2 {[%clk 1:17:47]} Be6 {[%clk
1:04:58]} 10. a4 Nbd7 {[%clk 1:02:06]} 11. O-O {[%clk 1:09:48]} Nb6 {[%clk
0:56:03]} 12. Ng3 {[%clk 1:07:06]} Be7 {[%clk 0:55:06]} 13. Nf5 {[%clk
1:06:51]} Bxf5 {[%clk 0:55:02]} 14. exf5 {[%clk 1:07:00]} Rd8 {[%clk 0:54:49]}
15. a5 {[%clk 1:03:26]} Nc4 {[%clk 0:54:55]} 16. Nd5 {[%clk 1:02:49]} Nxd5
{[%clk 0:42:57]} 17. Qxd5 {[%clk 1:02:56]} b6 {[%clk 0:42:56]} 18. axb6 {[%clk
1:01:19]} Nxb6 {[%clk 0:43:06]} 19. Qc6+ {[%clk 1:01:03]} Qxc6 {[%clk 0:42:41]}
20. Bxc6+ {[%clk 1:01:27]} Nd7 {[%clk 0:39:49]} 21. Rxa6 {[%clk 1:00:33]} O-O
{[%clk 0:40:11]} 22. Ra7 {[%clk 0:59:06]} Nb8 {[%clk 0:40:37]} 23. Ba4 {[%clk
0:58:46]} Bf6 {[%clk 0:40:47]} 24. b4 {[%clk 0:54:18]} d5 {[%clk 0:40:44]} 25.
b5 {[%clk 0:54:28]} Nd7 {[%clk 0:40:33]} 26. Ba3 {[%clk 0:54:15]} Rfe8 {[%clk
0:40:21]} 27. b6 {[%clk 0:53:00]} Nxb6 {[%clk 0:40:15]} 28. Bxe8 {[%clk
0:53:22]} Rxe8 {[%clk 0:40:43]} 29. Rb1 {[%clk 0:51:04]} Nc4 {[%clk 0:40:38]}
30. Rbb7 {[%clk 0:47:49]} Nxa3 {[%clk 0:40:28]} 31. Rxa3 {[%clk 0:48:11]} Rc8
{[%clk 0:40:48]} 32. c3 {[%clk 0:45:10]} d4 {[%clk 0:37:28]} 33. cxd4 {[%clk
0:44:19]} exd4 {[%clk 0:37:50]} 34. Rd3 {[%clk 0:43:38]} Rc2 {[%clk 0:30:04]}
35. Rbb3 {[%clk 0:41:53]} Bh4 {[%clk 0:26:08]} 36. Rf3 {[%clk 0:42:08]} Bf6
{[%clk 0:26:00]} 37. Rbd3 {[%clk 0:41:55]} Rc3 {[%clk 0:25:55]} 38. Kg2 {[%clk
0:41:09]} Kf8 {[%clk 0:24:01]} 39. Rd2 {[%clk 0:40:02]} Ke7 {[%clk 0:23:16]}
40. Rfd3 {[%clk 0:39:18]} Rc1 {[%clk 0:21:35]} 41. f4 {[%clk 0:37:03]} Rb1
{[%clk 0:18:46]} 42. h4 {[%clk 0:36:00]} g6 {[%clk 0:15:48]} 43. g5 {[%clk
0:36:01]} hxg5 {[%clk 0:13:29]} 44. hxg5 {[%clk 0:36:26]} Bh8 {[%clk 0:12:14]}
45. f6+ {[%clk 0:36:50]} Ke6 {[%clk 0:11:23]} 46. Rxd4 {[%clk 0:36:52]} Kd5 1-0

[Event "DVM U12 2016"]
[Site "Magdeburg GER"]
[Date "2016.12.30"]
[Round "7"]
[White "Seinsoth, Paul"]
[Black "Klaas, Heiko"]
[Result "1-0"]
[Termination "normal"]
[Board "2.2"]
[WhiteElo "1391"]
[BlackElo "1573"]
[WhiteClock "00:18:43"]
[BlackClock "00:13:31"]
[WhiteTeam "Erfurter SK"]
[BlackTeam "Hamburger SK"]
[PlyCount "104"]
[WhiteFideId "12994634"]
[BlackFideId "16215940"]
[EventCountry "GER"]
[EventRounds "7"]
[EventType "team-swiss"]
[EventDate "2016.12.26"]

1. c4 {[%clk 1:15:55]} e5 {[%clk 1:15:43]} 2. Nc3 {[%clk 1:15:50]} Nf6 {[%clk
1:15:50]} 3. g3 {[%clk 1:15:52]} d5 {[%clk 1:16:06]} 4. cxd5 {[%clk 1:15:42]}
Nxd5 {[%clk 1:16:20]} 5. Bg2 {[%clk 1:10:53]} Nb6 {[%clk 1:16:07]} 6. a3 {[%clk
1:08:50]} Be7 {[%clk 1:12:32]} 7. b4 {[%clk 1:05:51]} a6 {[%clk 1:09:45]} 8. d3
{[%clk 1:05:12]} O-O {[%clk 1:09:42]} 9. Nf3 {[%clk 1:03:15]} Nc6 {[%clk
1:09:19]} 10. O-O {[%clk 0:59:52]} Be6 {[%clk 1:04:43]} 11. Rb1 {[%clk
0:53:56]} Bf6 {[%clk 0:59:49]} 12. Ne4 {[%clk 0:52:31]} Be7 {[%clk 0:57:50]}
13. Nc5 {[%clk 0:49:27]} Bc8 {[%clk 0:53:07]} 14. Bb2 {[%clk 0:37:39]} Bd6
{[%clk 0:44:03]} 15. Qc2 {[%clk 0:33:01]} Nd7 {[%clk 0:40:18]} 16. Rfd1 {[%clk
0:29:53]} Re8 {[%clk 0:38:57]} 17. d4 {[%clk 0:26:22]} exd4 18. Nxd4 {[%clk
0:24:53]} Nxd4 {[%clk 0:30:35]} 19. Rxd4 {[%clk 0:22:52]} Qe7 {[%clk 0:25:23]}
20. Nxb7 {[%clk 0:16:20]} Bxb7 {[%clk 0:23:31]} 21. Bxb7 {[%clk 0:16:42]} Ra7
{[%clk 0:20:14]} 22. Re4 {[%clk 0:15:40]} Qf8 {[%clk 0:17:28]} 23. Bc6 {[%clk
0:14:43]} Rd8 {[%clk 0:15:50]} 24. Rg4 {[%clk 0:13:31]} Ne5 {[%clk 0:12:09]}
25. Bxe5 {[%clk 0:13:41]} Bxe5 {[%clk 0:12:26]} 26. Re4 {[%clk 0:11:00]} Bf6
{[%clk 0:11:06]} 27. Rd1 {[%clk 0:09:45]} Rb8 {[%clk 0:09:55]} 28. Qc4 {[%clk
0:08:26]} g6 {[%clk 0:06:50]} 29. Rd7 {[%clk 0:07:53]} a5 {[%clk 0:02:40]} 30.
Rxf7 {[%clk 0:06:39]} Qxf7 {[%clk 0:02:54]} 31. Bd5 {[%clk 0:07:08]} c5 {[%clk
0:02:49]} 32. Bxf7+ {[%clk 0:07:12]} Rxf7 {[%clk 0:03:17]} 33. bxc5 Kg7 {[%clk
0:02:53]} 34. c6 {[%clk 0:07:04]} Rc8 {[%clk 0:03:00]} 35. Re6 {[%clk 0:06:38]}
Bb2 {[%clk 0:02:27]} 36. Qb3 {[%clk 0:06:02]} Bd4 {[%clk 0:02:17]} 37. e3
{[%clk 0:06:16]} Bf6 {[%clk 0:02:37]} 38. Rd6 {[%clk 0:06:01]} Be5 {[%clk
0:02:28]} 39. Rd7 {[%clk 0:05:48]} Rxd7 {[%clk 0:02:44]} 40. cxd7 Rd8 41. Qb5
{[%clk 0:06:01]} Bf6 {[%clk 0:03:23]} 42. Qxa5 {[%clk 0:06:05]} Rxd7 {[%clk
0:03:46]} 43. Qb5 {[%clk 0:06:04]} Re7 {[%clk 0:03:21]} 44. a4 {[%clk 0:05:57]}
Kf7 {[%clk 0:03:43]} 45. Kg2 {[%clk 0:05:29]} Re6 {[%clk 0:02:05]} 46. Qc4
{[%clk 0:05:06]} Bd8 {[%clk 0:01:39]} 47. Qd5 {[%clk 0:04:30]} Be7 {[%clk
0:01:13]} 48. a5 {[%clk 0:04:17]} Kf6 {[%clk 0:15:13]} 49. Qb5 {[%clk 0:18:53]}
Re5 {[%clk 0:14:51]} 50. Qb2 {[%clk 0:18:51]} Ke6 {[%clk 0:15:00]} 51. a6
{[%clk 0:19:10]} Bc5 {[%clk 0:13:31]} 52. Qb7 {[%clk 0:18:43]} Kd5 1-0